Normal view
MARC view
- Vasanthagopal, R
Entry Personal Name
001 - CONTROL NUMBER
- control field: 6599
003 - CONTROL NUMBER IDENTIFIER
- control field: OSt
005 - DATE AND TIME OF LATEST TRANSACTION
- control field: 20251218130201.0
008 - FIXED-LENGTH DATA ELEMENTS
- fixed length control field: 251218|| aca||aabn | a|a d
040 ## - CATALOGING SOURCE
- Original cataloging agency: OSt
- Transcribing agency: OSt
100 ## - HEADING--PERSONAL NAME
- Personal name: Vasanthagopal, R
670 ## - SOURCE DATA FOUND
- Source citation: Work cat.: (OSt)285864: Jayamani, C V 6598, Environmental management : from ancient to modern times /, 2012
